The toxicity and potential dangers of zinc phosphide and of hydrogen phosphide (phosphine); (Record no. 38856)

MARC details
000 -LEADER
fixed length control field 00839cam a22002291 4500
001 - CONTROL NUMBER
control field med48000131
003 - CONTROL NUMBER IDENTIFIER
control field DLC
005 - DATE AND TIME OF LATEST TRANSACTION
control field 20260227111609.0
008 - FIXED-LENGTH DATA ELEMENTS--GENERAL INFORMATION
fixed length control field 820626s1948 xx 000 0 eng
010 ## - LIBRARY OF CONGRESS CONTROL NUMBER
LC control number med48000131
035 ## - SYSTEM CONTROL NUMBER
System control number (OCoLC)14662808
040 ## - CATALOGING SOURCE
Original cataloging agency DLC
Transcribing agency DNLM
Modifying agency OCoLC
-- DLC
042 ## - AUTHENTICATION CODE
Authentication code premarc
050 00 - LIBRARY OF CONGRESS CALL NUMBER
Classification number RA11
Item number .B177 no. 203
060 00 - NATIONAL LIBRARY OF MEDICINE CALL NUMBER
Classification number W1
Item number UN7392 no.203
100 1# - MAIN ENTRY--PERSONAL NAME
Personal name Von Oettingen, W. F.
Fuller form of name (Wolfgang Felix),
Dates associated with a name 1888-
245 14 - TITLE STATEMENT
Title The toxicity and potential dangers of zinc phosphide and of hydrogen phosphide (phosphine);
Remainder of title a review of the nonsecret, nonconfidential and nonrestricted literature.
260 ## - PUBLICATION, DISTRIBUTION, ETC.
Place of publication, distribution, etc. [Washington,
Name of publisher, distributor, etc. U.S. Govt. Print. Off.,
Date of publication, distribution, etc. 1948]
300 ## - PHYSICAL DESCRIPTION
Extent 17 p.
410 10 - SERIES STATEMENT/ADDED ENTRY--CORPORATE NAME [OBSOLETE, CAN/MARC], [LOCAL, USA]
Corporate name or jurisdiction name as entry element United States.
Subordinate unit Public Health Service.
Title of a work Public health reports.
Name of part/section of a work Supplement
Volume number/sequential designation no. 203
504 ## - BIBLIOGRAPHY, ETC. NOTE
Bibliography, etc. note "References": p. 15-17.

No items available.

Powered by Koha